00378nam a2200133 a 45000010010000000030011000100080041000210350026000620820014000881000025001022450037001272600062001646500018002260000-9393ELIB.Books110520 1946  a(ELIB.Books)0000-9545 a225 bCar aCarver, William Owen aWhy they wrote the New Testament bNashville: The Sunday School Board of the S. B. C. c1946 aNew Testament